000 01992nam a22002657a 4500
005 20240305165603.0
007 cr|||| ||||
008 210430s2014 co |||||s|||| 00||0 spa d
020 _a978-958-665-277-3
035 _a33208
040 _avLex
090 _c11575
_d11575
100 1 _aArenas Amorocho, Héctor
245 1 0 _aGotas que agrietan la roca. Crónicas, entrevistas y diálogos sobre territorios, acceso a la justicia y derechos fundamentales
_h[Recurso electrónico] /
_cHéctor Arenas Amorocho, Antonio Girón Serrano
256 _aServicio en línea
260 _aBogotá:
_bSiglo del Hombre Editores,
_c2014
300 _a1 recurso electrónico
500 _aCon un prólogo del nobel de literatura José Saramago, en este libro encontramos una serie de crónicas sobre la historia del Colectivo de Abogados José Alvear Restrepo. -Gotas que agrietan la roca- es una invitación a conocer esas -salas de urgencia- de la convulsa historia reciente colombiana en las que operan la voluntad y el coraje de hombres y mujeres incapaces de admitir que la injusticia pronuncie siempre la última palabra. La Corporación Colectivo de Abogados José Alvear Restrepo, una de las entidades pioneras en la defensa de los derechos humanos y la promoción de la paz en Colombia, celebra su 35º Aniversario con esta publicación en colaboración con Siglo del Hombre Editores.
506 1 _aDisponible solo en los productos indicados
_dvLex Global
_dvLex Global (Academic Edition, excluding Law Schools)
_dvLex Global (U.S. Academic Edition, Law Schools)
_dvLex Global (U.S. Academic Edition, excluding Law Schools)
_dvLex Global (Academic Edition, Law Schools)
650 0 4 _aEconomía Española
_zColombia
700 1 _aGirón Serrano, Antonio
740 0 _avLex Libros (Servicio en línea)
856 4 0 _uhttps://vlex.com/source/gotas-que-agrietan-la-roca-cronicas-entrevistas-y-dialogos-sobre-territorios-acceso-a-la-justicia-y-derechos-fundamentales-33208
942 _cRAA
999 _c169811
_d169811